Emma / (Record no. 2550)
[ view plain ]
| 000 -LEADER | |
|---|---|
| fixed length control field | 01608pam a2200289 a 4500 |
| 001 - CONTROL NUMBER | |
| control field | 2550 |
| 003 - CONTROL NUMBER IDENTIFIER | |
| control field | FISKH |
| 005 - DATE AND TIME OF LATEST TRANSACTION | |
| control field | 20231215082933.0 |
| 008 - FIXED-LENGTH DATA ELEMENTS--GENERAL INFORMATION | |
| fixed length control field | 920122s1992 nyu b 001 0 eng |
| 010 ## - LIBRARY OF CONGRESS CONTROL NUMBER | |
| LC control number | 92002793 |
| 020 ## - INTERNATIONAL STANDARD BOOK NUMBER | |
| International Standard Book Number | 0312079087 |
| 020 ## - INTERNATIONAL STANDARD BOOK NUMBER | |
| International Standard Book Number | 9780545481984 |
| 040 ## - CATALOGING SOURCE | |
| Original cataloging agency | DLC |
| Transcribing agency | DLC |
| Modifying agency | DLC |
| Language of cataloging | eng |
| 050 00 - LIBRARY OF CONGRESS CALL NUMBER | |
| Classification number | PR4034.E53 |
| Item number | E4 1992 |
| 082 00 - DEWEY DECIMAL CLASSIFICATION NUMBER | |
| Classification number | 823/.7 |
| Edition number | 20 |
| 100 ## - MAIN ENTRY--PERSONAL NAME | |
| Personal name | Austen, Jane |
| 245 00 - TITLE STATEMENT | |
| Title | Emma / |
| Statement of responsibility, etc. | Jane Austen |
| 250 ## - EDITION STATEMENT | |
| Edition statement | First Scholastic printing, September 2012 |
| 260 ## - PUBLICATION, DISTRIBUTION, ETC. | |
| Place of publication, distribution, etc. | New York : |
| Name of publisher, distributor, etc. | Scholastic, |
| Date of publication, distribution, etc. | 1815 |
| 300 ## - PHYSICAL DESCRIPTION | |
| Extent | 472 pages ; |
| Dimensions | 18 cm |
| 504 ## - BIBLIOGRAPHY, ETC. NOTE | |
| Bibliography, etc. note | Includes bibliographical references (p. 186-191) and index. |
| 520 ## - SUMMARY, ETC. | |
| Summary, etc. | Emma is a literary classic by Jane Austen following the genteel women of Georgian-Regency England in their most cherished sport: matchmaking. Emma is spoiled, headstrong, and self-satisfied. After a couple she has introduced gets married, she greatly overestimates her own matchmaking abilities and, blind to the dangers of meddling in other people's lives, proceeds to forge ahead in her new interest despite objections. What follows is a comedy of manners, in which Emma repeatedly counsels her friends for or against their marriage prospects, absent any notice of their true emotions or desires. This story is often cited as a personal favorite of critics and literary historians, and Emma is set apart from other Austen heroines by her seeming immunity to romantic attraction. |
| 650 ## - SUBJECT ADDED ENTRY--TOPICAL TERM | |
| Topical term or geographic name entry element | Romance |
| Form subdivision | Juvenile literature |
| 650 ## - SUBJECT ADDED ENTRY--TOPICAL TERM | |
| Topical term or geographic name entry element | Novel |
| Form subdivision | Juvenile literature |
| 906 ## - LOCAL DATA ELEMENT F, LDF (RLIN) | |
| a | 7 |
| b | cbc |
| c | orignew |
| d | 1 |
| e | ocip |
| f | 19 |
| g | y-gencatlg |
| 942 ## - ADDED ENTRY ELEMENTS (KOHA) | |
| Source of classification or shelving scheme | Dewey Decimal Classification |
| Koha item type | Books |
| Suppress in OPAC | No |
| Withdrawn status | Lost status | Source of classification or shelving scheme | Damaged status | Not for loan | Collection | Home library | Current library | Shelving location | Date acquired | Total Checkouts | Full call number | Barcode | Date last seen | Date last checked out | Price effective from | Koha item type |
|---|---|---|---|---|---|---|---|---|---|---|---|---|---|---|---|---|
| Dewey Decimal Classification | Fiction | Footprints International School Library Network Toul Kork Campus | Footprints International School Library Network Toul Kork Campus | 12/15/2023 | 1 | AUS Fic PR4034 | FISSE01070 | 08/28/2025 | 08/12/2025 | 12/15/2023 | Books |
